=LDR 00000nam 2200000 4500 =001 INLIS000000000025756 =005 20130612124236 =008 ***********************************Ind** =035 ##$$0010-061300000025756 =041 ##$$a Ind =082 ##$$a 350 =090 ##$$a 350, Adm-a =100 ##$$a Fred W. Riggs =245 ##$$a Administrasi Pembangunan, Sistem Administrasi dan Birokrasi, Fred W. Riggs =260 ##$$a 1989 $b Jakarta =300 ##$$a xlviii, 274 Hlm., 23 cm =650 ##$$a Pembangunan - Administrasi =850 ##$$a NBPNMAT